Name All Hello Neighbor Objects - Statistics

General Stats
  • This quiz has been taken 22 times
  • The average score is 29 of 109
Answer Stats
Answer First Release % Correct
Box DevGAMM
88%
Red Key Alpha 4
76%
Chair Prototype
71%
Apple Pre-Alpha
65%
Crowbar Pre-Alpha
65%
Glue Alpha 2
65%
Hammer Prototype
65%
Lockpick Pre-Alpha
65%
Wrench Alpha 2
65%
Keycard Alpha 1.5
59%
Television Prototype
59%
Tomato Prototype
59%
Trash Can Prototype
59%
Bear Trap Pre-Alpha
53%
Flashlight Pre-Alpha
53%
Banana Alpha 1
47%
Blue Key Alpha 3
47%
Book Prototype
47%
Bucket Pre-Alpha
47%
Golden Apple Alpha 4
47%
Green Key Alpha 4
47%
Mannequin Alpha 1
47%
Nail Alpha 1
47%
Yellow Key Alpha 3
47%
Basketball Pre-Alpha
41%
Car Key Alpha 1
41%
Banana Peel Alpha 1
35%
Board Prototype
35%
Cake Beta 3
35%
Lawn Mower Pre-Alpha
35%
Painting Prototype
35%
Phone Alpha 1
35%
Pillow Alpha 4
35%
Radio Pre-Alpha
35%
Red Lock Alpha 4
35%
Table Alpha 1.5
35%
Umbrella Alpha 4
35%
Watering Can Pre-Alpha
35%
Blue Lock Alpha 3
29%
Bowling Ball Full Game
29%
Cap Beta 3
29%
Globe Beta 3
29%
Green Lock Alpha 4
29%
Hat Prototype
29%
Milk Carton Alpha 2
29%
Seed Alpha 4
29%
Shovel Alpha 1
29%
Skateboard Beta 3
29%
Vase Prototype
29%
Alarm Clock Pre-Alpha
24%
Binoculars Pre-Alpha
24%
Brick Alpha 1
24%
Broom Pre-Alpha
24%
Doll Full Game
24%
Guitar Beta 3
24%
Lightbulb Prototype
24%
Rifle Alpha 1
24%
Shoe Pre-Alpha
24%
Tire Alpha 1.5
24%
Trash Bag Alpha 2
24%
White Key Full Game
24%
Yellow Lock Alpha 3
24%
Bread Pre-Alpha
18%
Chinese Food Full Game
18%
Doll House Key Full Game
18%
Flower Pot Prototype
18%
Kettle Prototype
18%
Mug Prototype
18%
Remote DevGAMM
18%
Toolbox Alpha 1
18%
White Lock Full Game
18%
Baseball Beta 3
12%
Bell Alpha 1
12%
Bolt Alpha 2
12%
Captain Salsa Beta 3
12%
Jackhammer Alpha 1
12%
Mask Alpha 4
12%
Milk Bottle Alpha 1.5
12%
Paper Airplane Alpha 1
12%
Rock Alpha 2
12%
Silver Key Alpha 1
12%
Toothpaste Full Game
12%
Xbox Alpha 4
12%
Bonus Tank Alpha 4
6%
Dart Alpha 2
6%
Glasses Full Game
6%
Nut Alpha 2
6%
Orange Juice Alpha 4
6%
Security Camera Pre-Alpha
6%
Silver Lock Alpha 1
6%
Tall Lamp Alpha 3
6%
Water Bottle Pre-Alpha
6%
Banana Juice Full Game
0%
Battery Alpha 1
0%
Cereal Box Full Game
0%
Copper Key Alpha 3 | Prototype
0%
Copper Lock Alpha 3
0%
Electromagnet Alpha 1.5
0%
Mannequin Teacher Alpha 1
0%
Number Magnet Alpha 1
0%
Phonographs Alpha 4
0%
Rubiks Cube Full Game
0%
Saw Pre-Alpha
0%
Sharkotron Alpha 1
0%
Soda Beta 3
0%
Toy Plane Full Game
0%
TV Aerial Alpha 2
0%
VGN Toy Truck Alpha 4
0%
No matching quizzes found
Score Distribution
Percent of People with Each Score
Percentile by Number Answered
Your Score History
You have not taken this quiz